000 01378cam a22003854a 4500
001 muse95514
003 MdBmJHUP
005 20210127151845.0
006 m o d
007 cr||||||||nn|n
008 060207s1985 mtu o 00 0 eng d
020 _a9780700630707
020 _z0700602534
020 _z9780700602537
035 _a(OCoLC)1228476287
040 _aMdBmJHUP
_cMdBmJHUP
245 0 4 _aThe Vanishing Farmland Crisis
_bCritical Views of the Movement to Preserve Agricultural Land /
_ced. by John Baden. Publ. for the Political Economy Research Center.
264 1 _bUniv. Pr. of Kansas,
264 3 _bProject MUSE,
300 _a1 online resource (IX, 169 Seiten.)
490 0 _aStudies in Government and Public Policy
500 _a9 Beitr.
506 0 _aOpen Access
_fUnrestricted online access
_2star
588 _aDescription based on print version record.
655 7 _aElectronic books.
_2local
700 1 _aBaden, John.
710 2 _aPolitical Economy Research Center.
710 2 _aProject Muse.
_edistributor
830 0 _aBook collections on Project MUSE.
856 4 0 _zFull text available:
_uhttps://muse.jhu.edu/book/81266/
999 _c27279
_d27279